[Event "Shakhty KVU op"]
[Site "Shakhty"]
[Date "2015.02.19"]
[Round "7"]
[White "Spidchenko, Valeriy"]
[Black "Vorobieva, Evgenia"]
[Result "1-0"]
[WhiteElo "2047"]
[BlackElo "1703"]
[PlyCount "73"]
[EventDate "2015.02.14"]
[EventType "swiss"]
[EventRounds "9"]
[EventCountry "RUS"]
[SourceTitle "CBM 165 Extra"]
[Source "ChessBase"]
[SourceDate "2015.04.21"]
[SourceVersion "1"]
[SourceVersionDate "2015.04.21"]
[SourceQuality "1"]

1. e4 e6 2. Qe2 c5 3. Nf3 Nc6 4. g3 Be7 5. Bg2 d5 6. d3 Nf6 7. e5 Nd7 8. c3 Qc7 9. Bf4 Nf8 10. d4 Ng6 11. Bd2 Qb6 12. Be3 Bd7 13. a4 c4 14. 0-0 Na5 15. Qc2 Nb3 16. Ra2 f6 17. Rd1 f5 18. h4 0-0-0 19. Bg5 h6 20. Bxe7 Nxe7 21. Nbd2 Nc6 22. Ra3 Nxd2 23. Nxd2 Na5 24. b3 cxb3 25. Nxb3 Nxb3 26. Rb1 Qc7 27. Qxb3 Bc6 28. Ra2 g5 29. hxg5 hxg5 30. Rc2 Qf7 31. c4 f4 32. cxd5 exd5 33. e6 Qh7 34. Rxc6+ Kb8 35. Rcc1 fxg3 36. Qxg3+ Ka8 37. Qc7 1-0

[Event "Shakhty KVU op"]
[Site "Shakhty"]
[Date "2015.02.17"]
[Round "5"]
[White "Prokhoda, Aleksandr A"]
[Black "Vorobieva, Evgenia"]
[Result "1/2-1/2"]
[WhiteElo "2002"]
[BlackElo "1703"]
[PlyCount "92"]
[EventDate "2015.02.14"]
[EventType "swiss"]
[EventRounds "9"]
[EventCountry "RUS"]
[SourceTitle "CBM 165 Extra"]
[Source "ChessBase"]
[SourceDate "2015.04.21"]
[SourceVersion "1"]
[SourceVersionDate "2015.04.21"]
[SourceQuality "1"]

1. e4 e6 2. d4 d5 3. Nd2 c5 4. c3 Nc6 5. Ngf3 cxd4 6. cxd4 dxe4 7. Nxe4 Bb4+ 8. Nc3 Nge7 9. Bd3 Nd5 10. Bd2 0-0 11. 0-0 Be7 12. a3 Bf6 13. Ne2 Qb6 14. Bc3 Rd8 15. Qc2 g6 16. h4 Nce7 17. h5 Bd7 18. Rac1 Bb5 19. hxg6 hxg6 20. Rfd1 Bxd3 21. Rxd3 Kg7 22. Qd2 Qd6 23. Rd1 Rh8 24. Ne5 Nxc3 25. Qxc3 Rac8 26. Qa5 Nc6 27. Nxc6 Qh2+ 28. Kf1 Qh1+ 29. Ng1 Rxc6 30. Qd2 Rh2 31. Rg3 Bh4 32. Rg4 f5 33. Rg5 Bxg5 34. Qxg5 Rc7 35. d5 Rd7 36. d6 Rh5 37. Qe3 Qh4 38. Qxe6 Qd8 39. Nh3 Rh6 40. Kg1 g5 41. Nxg5 Rg6 42. Qe5+ Qf6 43. Qe8 Rxd6 44. Rxd6 Qxd6 45. Qf7+ Kh6 46. Nf3 Rg7 1/2-1/2

[Event "Shakhty KVU op"]
[Site "Shakhty"]
[Date "2015.02.16"]
[Round "4"]
[White "Vorobieva, Evgenia"]
[Black "Melkonyan, Seyran"]
[Result "1-0"]
[WhiteElo "1703"]
[BlackElo "1803"]
[PlyCount "79"]
[EventDate "2015.02.14"]
[EventType "swiss"]
[EventRounds "9"]
[EventCountry "RUS"]
[SourceTitle "CBM 165 Extra"]
[Source "ChessBase"]
[SourceDate "2015.04.21"]
[SourceVersion "1"]
[SourceVersionDate "2015.04.21"]
[SourceQuality "1"]

1. d4 Nf6 2. c4 e6 3. Nf3 d5 4. Bg5 Bb4+ 5. Nc3 h6 6. Bxf6 Qxf6 7. e3 c5 8. a3 Ba5 9. cxd5 exd5 10. Qa4+ Nc6 11. Bb5 Bxc3+ 12. bxc3 Bd7 13. Ne5 Nxe5 14. dxe5 Bxb5 15. Qxb5+ Qc6 16. Qxc6+ bxc6 17. Rb1 0-0 18. Kd2 Rab8 19. f4 Rb6 20. Kc2 Rfb8 21. g4 c4 22. Rxb6 Rxb6 23. Rb1 Kf8 24. Rxb6 axb6 25. Kd2 Ke7 26. e4 Ke6 27. Ke3 f6 28. exf6 gxf6 29. h4 dxe4 30. Kxe4 c5 31. a4 Ke7 32. Kd5 Kd7 33. g5 hxg5 34. hxg5 Ke7 35. gxf6+ Kxf6 36. Kxc4 Kf5 37. Kb5 Kxf4 38. Kxb6 c4 39. Kc5 Ke5 40. a5 1-0